000 01220nam a2200313Ia 4500
001 ebr10326820
003 CaPaEBR
006 m u
007 cr cn|||||||||
008 980915s1998 enka sb 001 0 eng d
020 _z0803979398
020 _z9780803979390
040 _aCaPaEBR
_cCaPaEBR
035 _a(OCoLC)464312646
050 1 4 _aHM281
_b.H423 1998eb
100 1 _aHearn, Jeff,
_d1947-
245 1 4 _aThe violences of men
_h[electronic resource] :
_bhow men talk about and how agencies respond to men's violence to women /
_cJeff Hearn.
260 _aLondon ;
_aThousand Oaks, Calif. :
_bSage,
_cc1998.
300 _ax, 258 p. :
_bill.
504 _aIncludes bibliographical references (p. [233]-245) and index.
533 _aElectronic reproduction.
_bPalo Alto, Calif. :
_cebrary,
_d2009.
_nAvailable via World Wide Web.
_nAccess may be limited to ebrary affiliated libraries.
650 0 _aAbusive men.
650 0 _aMan-woman relationships.
650 0 _aMen.
650 0 _aViolence.
655 7 _aElectronic books.
_2local
710 2 _aebrary, Inc.
856 4 0 _uhttp://site.ebrary.com/lib/rucke/Doc?id=10326820
_zAn electronic book accessible through the World Wide Web; click to view
999 _c56099
_d56099